Top Selling Ice Cream Flavors - Statistics

General Stats
  • This quiz has been taken 209 times
  • The average score is 5 of 10
Answer Stats
Answer % Correct
Chocolate
98%
Vanilla
98%
Strawberry
94%
Mint Chocolate Chip
49%
Cookies and Cream
46%
Butter Pecan
18%
Birthday Cake
16%
Neapolitan (chocolate, vanilla, and strawberry)
16%
Moose Tracks
12%
Chocolate Chip Cookie Dough
8%
No matching quizzes found
Score Distribution
Percent of People with Each Score
Percentile by Number Answered
Your Score History
You have not taken this quiz